00331nam a2200097 a 4500008004100000050001500041245009500056260004000151300003300191350000900224120416s1966 ||||||||||||||||| || u aTA 666 Ame00aTimber construction manual: a manual for architects engineers, contractors, laminators,... aNew YorkbJohn Wiley and Sonsc1966 ax, various pagination : ill. a0.00